| 000 | 01757nam a22002897a 4500 | ||
|---|---|---|---|
| 003 | OSt | ||
| 005 | 20210203113748.0 | ||
| 008 | 210203s2013 cl ado|gr|||| 00| 0 spa d | ||
| 020 | _a9789562273718 | ||
| 040 |
_aCO-JMCR _cCO-JMCR |
||
| 041 | 0 | _aspa | |
| 082 | 0 | 4 |
_a370.983 _bP586n _223 |
| 100 | 1 |
_aPicazo V., María Inés, _eeditora _912993 |
|
| 245 | 1 | 4 |
_aLos nudos críticos de la educación en Chile / _cMaría Inés Picazo V., Violeta Montero, Carlos Muñoz |
| 250 | _aPrimera edición | ||
| 260 |
_aChile, _bUniversidad de Concepción, _c2013 |
||
| 300 |
_a164 páginas ; _c23 cm. |
||
| 490 | 0 | _aMonografías | |
| 505 | 0 | _aEl papel del estado y del sector privado o difícil convergencia entre el derecho a una educación de calidad y la libertad de enseñanza -- Condiciones laborales del magisterio, la regulación de la profesión y mecanismos de evaluación -- Escuela y diversidad. Desafío para una educación inclusiva en la sociedad del conocimiento | |
| 520 | 0 |
_a
"El presente libro analiza el complejo escenario de la educación en Chile y propone una interpretación a partir del análisis de tres grandes nudos críticos: El papel del Estado y del sector privado, lo que ilustra la pugna entre los principios del derecho a una educación de calidad y de la libertad de enseñanza; Las condiciones laborales del magisterio, la regulación del ejercicio de la profesión y los mecanismos de evaluación docente; El papel de la escuela en temas valóricos y culturales. _uTapa posterior. |
|
| 650 | 2 | 4 |
_aEducación. _912994 |
| 650 | 2 | 4 |
_aEducación y estado _zChile _912995 |
| 650 | 2 | 4 |
_aEducación _zChile _912996 |
| 700 | 1 |
_aMontero, Violeta _eeditora _912997 |
|
| 700 | 1 |
_aMuñoz, Carlos, _eeditor _912998 |
|
| 942 |
_2ddc _cBK |
||
| 999 |
_c7095 _d7095 |
||